| 000 | 02133agaaa2200313 4500 | ||
|---|---|---|---|
| 001 | 4687 | ||
| 003 | IT-RoPAU | ||
| 005 | 20220918181256.0 | ||
| 007 | d cvaizq | ||
| 008 | 50131s9999||||xx ||| | || ||und|| | ||
| 040 |
_aIT-RoPAU _cIT-RoPAU |
||
| 041 | _aITALIANO | ||
| 100 |
_aDi Diodato Roberto _gCodice regista SPICS: 55765 _951178 |
||
| 130 |
_aGALILEA DEL Iø SECOLO (LA) _951179 |
||
| 245 |
_aGALILEA DEL I° SECOLO (LA) _cDiretto da: Di Diodato Roberto _pGALILEA DEL I° SECOLO (LA) (Rif. Codice opera principale : H4687) |
||
| 250 | _aEdizione Standard | ||
| 260 |
_aMILANO (ITALIA) _bTELENOVA - SAT2000 - ITA 2003 / _g"2003 (1° ed.: 2004 ; Ed. Lingua Orig.: n.d.)" |
||
| 300 |
_aVHS _bsonoro, col. _c55 minuti |
||
| 508 | _a"Montaggio: Alba Maurizio; Soggetto: Borgonovo Gianantonio -- Gironi Primo" | ||
| 520 | _a"PRIMA DELLE TRE VIDEOCASSETTE DELLA COLLANA IL CAMMINO DI DIO CON L'UOMO. E' LA PIU' RECENTE E APPROFONDITA INDAGINE SULLE PAGINE PIU' DIFFICILI E MENO CONOSCIUTE DELL'ANTICO TESTAMENTO. UNA SPECIE DI GRANDE QUARK CHE INTENDE AVVICINARE LA GENTE ALLA PAROLA DI DIO PER FARNE SCOPRIRE IL FASCINO ETERNO E MISTERIOSO. LE IMMAGINI SONO STATE GIRATE NEI LUOGHI PIU' IMPORTANTI ENEI SITI ARCHEOLOGICI PIU' ANTICHI E SUGGESTIVI DEL VICINO ANTICO ORIENTE.IN QUESTA VIDEOCASSETTA: LA SITUAZIONE GEOPOLITICA DELLA GALILEA; LE CONDIZIONI SOCIO-ECONOMICHE DELLA REGIONE; ERODE E I ROMANI; LO STORICO GIUSEPPEFLAVIO; I RAPPORTI FRA GALILEA E GIUDEA; LA SINAGOGA DI BEIT ALFA; GLI SPLENDORI DI TIBERIADE, BET SHEAN, CESAREA MARITTIMA, SEPPHORIS; IL TERRENO DELLE RIVOLTE GALILAICHE; LE RIVOLTE GIUDAICHE." | ||
| 538 | _aPAL, STEREO | ||
| 546 | _aITALIANO | ||
| 650 |
_aDOCUMENTARIO _eTV-PROGRAMMI RELIGIOSI [VHS] _xCodice MATERIA SPICS: 9963 _936814 |
||
| 700 |
_aBorgonovo Gianantonio _e(soggetto) _gCodice Soggetto SPICS: 57465 _951180 |
||
| 700 |
_aDi Diodato Roberto _e(regista) _gCodice regista SPICS: 55765 _951181 |
||
| 700 |
_aGironi Primo _e(soggetto) _gCodice Soggetto 2° SPICS: 34827 _951182 |
||
| 700 |
_aGiuliani Stefania _e(regista) _gCodice secondo regista SPICS: 57464 _951183 |
||
| 942 |
_cVH _2ddc |
||
| 999 |
_c107245 _d107245 |
||